Portrait of a Martyr (Record no. 2884)

MARC details
000 -LEADER
fixed length control field 00485cam a2200193ua 4500
001 - CONTROL NUMBER
control field 3038
005 - DATE AND TIME OF LATEST TRANSACTION
control field 20260515113625.0
008 - FIXED-LENGTH DATA ELEMENTS--GENERAL INFORMATION
fixed length control field 110922n ii |||gr||||Z||||||eng
040 ## - CATALOGING SOURCE
Transcribing agency MAIN
082 ## - DEWEY DECIMAL CLASSIFICATION NUMBER
Classification number 920
100 ## - MAIN ENTRY--PERSONAL NAME
Personal name Madhok, Balraj,
Relator term Author.
245 11 - TITLE STATEMENT
Title Portrait of a Martyr
Statement of responsibility, etc. by Balraj Madhok
250 ## - EDITION STATEMENT
Edition statement 1st.
260 ## - PUBLICATION, DISTRIBUTION, ETC.
Place of publication, distribution, etc. Bombay:
Name of publisher, distributor, etc. Jaico publishing house,969.
300 ## - PHYSICAL DESCRIPTION
Extent 255p:
Dimensions 23cm.
653 ## - INDEX TERM--UNCONTROLLED
Uncontrolled term Biography
653 ## - INDEX TERM--UNCONTROLLED
Uncontrolled term Biography of Portrait of a Martyr
942 ## - ADDED ENTRY ELEMENTS (KOHA)
Koha item type Books
Holdings
Withdrawn status Lost status Damaged status Not for loan Home library Current library Shelving location Date acquired Total checkouts Full call number Barcode Date last seen Copy number Price effective from Koha item type
        Naharkatiya College Library Naharkatiya College Library General stacks 09/19/2020   920 | MAD 154 09/19/2020 2 09/19/2020 Books
        Naharkatiya College Library Naharkatiya College Library General stacks 09/19/2020   920 | MAD 155 09/19/2020 1 09/19/2020 Books